[Event "BL 0506 Werder Bremen - SC Eppingen"]
[Site "?"]
[Date "2006.04.01"]
[Round "14.6"]
[White "Nyback, Tomi"]
[Black "Rau, Hannes"]
[Result "1-0"]
[WhiteElo "2563"]
[BlackElo "2421"]
[PlyCount "81"]
[EventDate "2006.??.??"]

1. Nf3 c5 2. c4 b6 3. Nc3 Bb7 4. e4 d6 5. d4 cxd4 6. Nxd4 Nf6 7. Qe2 e6 8. g4
Nc6 9. Nxc6 Bxc6 10. Bg2 Be7 11. O-O Nd7 12. f4 a6 13. Be3 Qb8 14. Rad1 O-O 15.
Rd2 b5 16. e5 Bxg2 17. Qxg2 bxc4 18. exd6 Bd8 19. f5 Bb6 20. Bxb6 Qxb6+ 21. Kh1
Rac8 22. Ne4 exf5 23. gxf5 f6 24. Rg1 Rf7 25. Ng3 Qc6 26. Nh5 Kh8 27. Qxc6 Rxc6
28. Re1 Kg8 29. Re8+ Rf8 30. Re7 Rf7 31. Nf4 Rc8 32. Rd4 h6 33. Ne6 c3 34. bxc3
Rxc3 35. Nd8 Rc1+ 36. Kg2 Rc2+ 37. Kf1 Rf8 38. Rxd7 Re8 39. Ne6 Rb8 40. Rxg7+
Kh8 41. Rd1 1-0

[Event "BL 0506 Werder Bremen - SC Eppingen"]
[Site "?"]
[Date "2006.04.01"]
[Round "14.7"]
[White "Miltner, Arndt"]
[Black "Fish, Gennadij"]
[Result "1/2-1/2"]
[WhiteElo "2400"]
[BlackElo "2550"]
[PlyCount "82"]
[EventDate "2006.??.??"]

1. Nf3 Nf6 2. e3 c5 3. b3 e6 4. Bb2 Be7 5. g3 b6 6. Bg2 Bb7 7. O-O O-O 8. c4 d5
9. Nc3 dxc4 10. bxc4 Nc6 11. Ne1 Qd7 12. Qe2 Rfd8 13. d3 a6 14. a4 Nb4 15. Bxb7
Qxb7 16. f4 Rd7 17. g4 Rad8 18. Rd1 Ne8 19. g5 Bf8 20. h4 Nd6 21. h5 b5 22.
cxb5 axb5 23. h6 c4 24. hxg7 Bxg7 25. Nxb5 Bxb2 26. Qxb2 Nxd3 27. Nxd3 cxd3 28.
Rxd3 Nc4 29. Rxd7 Rxd7 30. Qe2 Qe4 31. Qf3 Qxe3+ 32. Qxe3 Nxe3 33. Rf3 Rd1+ 34.
Kf2 Nc2 35. Rc3 Nb4 36. Ke2 Rb1 37. Nd6 Nd5 38. Rc8+ Kg7 39. f5 exf5 40. Nxf5+
Kg6 41. Nd6 Ra1 1/2-1/2

[Event "BL 0506 Werder Bremen - SC Eppingen"]
[Site "?"]
[Date "2006.04.01"]
[Round "14.8"]
[White "Schandorff, Lars"]
[Black "Schneider, Bernd"]
[Result "1-0"]
[WhiteElo "2517"]
[BlackElo "2322"]
[PlyCount "91"]
[EventDate "2006.??.??"]

1. d4 Nf6 2. c4 e5 3. dxe5 Ng4 4. Bf4 Nc6 5. Nf3 Bb4+ 6. Nbd2 Qe7 7. a3 Ngxe5
8. Nxe5 Nxe5 9. e3 Bxd2+ 10. Qxd2 d6 11. Be2 O-O 12. O-O a5 13. b4 b6 14. c5
bxc5 15. bxc5 Ba6 16. Bxa6 Rxa6 17. cxd6 cxd6 18. Rfc1 h6 19. Rab1 Qe6 20. Qe2
Rfa8 21. h3 a4 22. Rb7 Qd5 23. Rcc7 Rc6 24. Re7 Rf8 25. e4 Qd4 26. Qe3 Qa1+ 27.
Kh2 Rc3 28. Bxe5 dxe5 29. Qa7 Qa2 30. Rb8 Rcc8 31. Rxc8 Rxc8 32. Qxa4 Kh7 33.
Qa7 Rf8 34. Rxe5 Qd2 35. Rf5 f6 36. Qe7 Rd8 37. Rf3 Rd7 38. Qe6 Rd6 39. Qf5+
Kh8 40. e5 fxe5 41. Qxe5 Rd8 42. Rf7 Rg8 43. a4 Qa2 44. Qf4 Qa3 45. Rb7 Kh7 46.
Qb4 1-0

[Event "BL 0506 Hamburger SK - TV Tegernsee"]
[Site "?"]
[Date "2006.04.01"]
[Round "14.1"]
[White "Khenkin, Igor"]
[Black "Gustafsson, Jan"]
[Result "1/2-1/2"]
[WhiteElo "2603"]
[BlackElo "2615"]
[PlyCount "108"]
[EventDate "2006.??.??"]

1. d4 d5 2. c4 c6 3. e3 Nf6 4. Bd3 e5 5. Nc3 Bb4 6. Qb3 Na6 7. cxd5 Nxd5 8.
Bxa6 bxa6 9. Nge2 exd4 10. exd4 a5 11. a3 Bxc3+ 12. bxc3 O-O 13. c4 Nb6 14. Qg3
Ba6 15. Bg5 f6 16. Bh6 Rf7 17. O-O Bxc4 18. Rfe1 Bxe2 19. Rxe2 Qxd4 20. Rae1
Qd7 21. h4 Nd5 22. Bd2 Re7 23. Rxe7 Nxe7 24. Bxa5 Nd5 25. h5 Re8 26. Rc1 h6 27.
Bd2 Re5 28. Rb1 Nb6 29. Bxh6 Rxh5 30. Be3 c5 31. Rc1 Rd5 32. Qf3 Qd6 33. Qg4
Kf7 34. Bf4 Qd7 35. Qe2 Kg8 36. Be3 Qd6 37. Qg4 Kf7 38. Bf4 Qe6 39. Qf3 Kg8 40.
Be3 Nd7 41. Qf4 Ne5 42. Qe4 f5 43. Qb1 Nd3 44. Qb8+ Kh7 45. Qh2+ Kg6 46. Qg3+
Kf7 47. Rb1 Rd7 48. Qf3 c4 49. Rb5 g6 50. Qh3 Qf6 51. Qh7+ Qg7 52. Qh4 Ne5 53.
f3 Ke6 54. Rb8 Qe7 1/2-1/2

[Event "BL 0506 Hamburger SK - TV Tegernsee"]
[Site "?"]
[Date "2006.04.01"]
[Round "14.3"]
[White "Bischoff, Klaus"]
[Black "Hansen, Sune Berg"]
[Result "1/2-1/2"]
[WhiteElo "2555"]
[BlackElo "2555"]
[PlyCount "41"]
[EventDate "2006.??.??"]

1. b3 c5 2. Bb2 b6 3. e3 Bb7 4. f4 Nf6 5. Nf3 g6 6. g3 Bg7 7. Bg2 O-O 8. O-O
Nc6 9. Qe2 d5 10. Ne5 Rc8 11. d3 Ne8 12. Nd2 Nxe5 13. fxe5 f5 14. g4 e6 15.
gxf5 exf5 16. c4 Nc7 17. Rad1 Qe7 18. d4 Rcd8 19. cxd5 Bxd5 20. Nc4 Qe6 21.
dxc5 1/2-1/2

[Event "BL 0506 Hamburger SK - TV Tegernsee"]
[Site "?"]
[Date "2006.04.01"]
[Round "14.4"]
[White "Mueller, Karsten Dr"]
[Black "Boensch, Uwe"]
[Result "1-0"]
[WhiteElo "2489"]
[BlackElo "2547"]
[PlyCount "149"]
[EventDate "2006.??.??"]

1. e4 c5 2. Nf3 Nc6 3. d4 cxd4 4. Nxd4 e5 5. Nb5 d6 6. N1c3 a6 7. Na3 Be7 8.
Nc4 b5 9. Ne3 Nf6 10. Ned5 O-O 11. Be3 Rb8 12. Be2 b4 13. Nxf6+ Bxf6 14. Nd5
Bg5 15. O-O Bxe3 16. Nxe3 Nd4 17. Bc4 Bb7 18. Qd3 Qh4 19. f3 Qg5 20. Rae1 Rfc8
21. c3 bxc3 22. bxc3 Nb5 23. a4 Nc7 24. Qxd6 Ne8 25. Qd3 Rd8 26. Qe2 Nc7 27.
Rb1 Bc6 28. Nf5 Rxb1 29. Rxb1 Bxa4 30. Bxf7+ Kxf7 31. h4 Qd2 32. Qc4+ Ne6 33.
Qxa4 g6 34. Qc4 Kf6 35. Ng3 Nf4 36. Qxa6+ Rd6 37. Qf1 Qxc3 38. Rd1 Rd4 39. Qa6+
Kg7 40. Rb1 Rd7 41. Rb7 Qd4+ 42. Kh2 Rxb7 43. Qxb7+ Kf8 44. Qb8+ Kf7 45. Qb3+
Kf8 46. Qa3+ Kf7 47. Qa2+ Kg7 48. Nh1 Qc3 49. Qf2 h5 50. Ng3 Nd3 51. Qa7+ Kg8
52. Qe3 Qc2 53. Nf1 Qd1 54. Nd2 Nf4 55. Qb3+ Qxb3 56. Nxb3 Ne2 57. g3 Kf7 58.
Kg2 Ke6 59. Kf2 Nc3 60. Nc5+ Kd6 61. Nd3 Ke6 62. Ke3 Nb5 63. f4 exf4+ 64. Kxf4
Nc3 65. Ke3 Nb5 66. Nf4+ Kf6 67. Kd3 g5 68. Nd5+ Kg6 69. Kc4 Nd6+ 70. Kd4 gxh4
71. gxh4 Nf5+ 72. exf5+ Kxf5 73. Ne3+ Kf4 74. Ng2+ Kg3 75. Ke4 1-0

[Event "BL 0506 Hamburger SK - TV Tegernsee"]
[Site "?"]
[Date "2006.04.01"]
[Round "14.5"]
[White "Kindermann, Stefan"]
[Black "Reeh, Oliver"]
[Result "1-0"]
[WhiteElo "2535"]
[BlackElo "2449"]
[PlyCount "117"]
[EventDate "2006.??.??"]

1. e4 c5 2. d3 g6 3. g3 Bg7 4. Bg2 Nc6 5. f4 e6 6. Nf3 Nge7 7. O-O O-O 8. c3 b6
9. Na3 d5 10. e5 Qd7 11. Nc2 Ba6 12. Re1 Rae8 13. d4 f6 14. exf6 Bxf6 15. Be3
Nf5 16. Bf2 c4 17. Ne3 Nxe3 18. Rxe3 Ne7 19. Ne5 Bxe5 20. Rxe5 Nf5 21. Qg4 Bc8
22. Rae1 Qf7 23. Qe2 Nd6 24. Be3 Qd7 25. Bc1 b5 26. b3 Rf5 27. Re3 Qc6 28. Ba3
Ne4 29. bxc4 Qxc4 30. Qxc4 bxc4 31. Rb1 Rf7 32. Bxe4 dxe4 33. Rxe4 Bb7 34. Re2
Rd7 35. Rb5 Kf7 36. Reb2 Bd5 37. Ra5 Rc8 38. Bc5 Rcc7 39. Rb4 Rb7 40. Rxb7 Rxb7
41. Rxa7 Rxa7 42. Bxa7 h5 43. a4 Ke7 44. Kf2 Kd6 45. Bc5+ Kc6 46. h3 Be4 47. g4
Bc2 48. a5 Kb5 49. Bb6 hxg4 50. hxg4 Be4 51. Bd8 Bd5 52. Ke3 Bg2 53. Kf2 Bd5
54. Kg3 Ka4 55. f5 exf5 56. gxf5 gxf5 57. Kf4 Kb5 58. Kxf5 Bb7 59. Ke6 1-0

[Event "BL 0506 Hamburger SK - TV Tegernsee"]
[Site "?"]
[Date "2006.04.01"]
[Round "14.6"]
[White "Heinemann, Thies"]
[Black "Hertneck, Gerald"]
[Result "1-0"]
[WhiteElo "2441"]
[BlackElo "2539"]
[PlyCount "81"]
[EventDate "2006.??.??"]

1. e4 e6 2. d4 d5 3. Nd2 Nf6 4. e5 Nfd7 5. Bd3 c5 6. c3 Nc6 7. Ne2 a5 8. a3 a4
9. Nf3 Nb6 10. Be3 Nc4 11. Bxc4 dxc4 12. dxc5 Qxd1+ 13. Rxd1 Ra5 14. Ng3 Bxc5
15. Bf4 Rb5 16. Rd2 b6 17. Ne4 Bb7 18. O-O O-O 19. Re1 Na5 20. Nxc5 bxc5 21.
Ng5 Rb8 22. f3 h6 23. Nh3 Bd5 24. Ree2 g5 25. Bg3 Nb3 26. Rd1 Na5 27. Rdd2 Nb3
28. Rd1 Kg7 29. Nf2 Nd4 30. cxd4 cxd4 31. Rxd4 Rxb2 32. Rxb2 Rxb2 33. Nd1 Rb3
34. Be1 Rxa3 35. Nc3 Ra1 36. Kf2 a3 37. Rd1 Rxd1 38. Nxd1 Kg6 39. Bc3 g4 40.
fxg4 Kg5 41. Kg3 1-0

[Event "BL 0506 Hamburger SK - TV Tegernsee"]
[Site "?"]
[Date "2006.04.01"]
[Round "14.7"]
[White "Teske, Henrik"]
[Black "Van Delft, Merijn"]
[Result "1/2-1/2"]
[WhiteElo "2487"]
[BlackElo "2385"]
[PlyCount "49"]
[EventDate "2006.??.??"]

1. e4 e5 2. Bc4 Nf6 3. d3 Nc6 4. Nc3 Bb4 5. Nge2 d5 6. exd5 Nxd5 7. O-O Bxc3 8.
Nxc3 Nxc3 9. bxc3 O-O 10. f4 exf4 11. Bxf4 Be6 12. Bb3 Na5 13. Qf3 Nxb3 14.
axb3 c6 15. c4 Qd7 16. c5 f6 17. Bd6 Rfe8 18. Qg3 Kh8 19. Ra4 Bd5 20. Qf2 Bf7
21. Qf5 Be6 22. Qf2 Bf7 23. Qf5 Be6 24. Qf4 Bd5 25. Qf2 1/2-1/2

[Event "BL 0506 Hamburger SK - TV Tegernsee"]
[Site "?"]
[Date "2006.04.01"]
[Round "14.8"]
[White "Sebastian, Dirk"]
[Black "Gross, David"]
[Result "1/2-1/2"]
[WhiteElo "2362"]
[BlackElo "2467"]
[PlyCount "59"]
[EventDate "2006.??.??"]

1. e4 c5 2. Nf3 d6 3. d4 cxd4 4. Nxd4 Nf6 5. Nc3 e6 6. Be2 Be7 7. O-O Nc6 8.
Be3 O-O 9. f4 e5 10. fxe5 dxe5 11. Nf5 Bxf5 12. Rxf5 Qxd1+ 13. Rxd1 Rad8 14.
Rdf1 Bb4 15. Rxf6 gxf6 16. Nd5 Kg7 17. Rf3 Nd4 18. Rg3+ Kh8 19. Bxd4 Rxd5 20.
exd5 exd4 21. Kf1 b6 22. Rg4 Bc5 23. a3 a5 24. Bb5 Rg8 25. Rxg8+ Kxg8 26. Ke2
Kf8 27. Kd3 Ke7 28. Kc4 Bd6 29. Ba4 Kd8 30. h3 1/2-1/2

[Event "BL 0506 SV Mülheim Nord - SV Wattensche"]
[Site "?"]
[Date "2006.04.01"]
[Round "14.2"]
[White "Fridman, Daniel"]
[Black "Rustemov, Alexander"]
[Result "0-1"]
[WhiteElo "2564"]
[BlackElo "2564"]
[PlyCount "112"]
[EventDate "2006.??.??"]

1. d4 c5 2. d5 Nf6 3. Nc3 d6 4. e4 g6 5. Nf3 Bg7 6. Be2 O-O 7. Nd2 Na6 8. O-O
Nc7 9. a4 b6 10. Nc4 Ba6 11. h3 Bxc4 12. Bxc4 a6 13. Bg5 Rb8 14. Qe2 Qc8 15. e5
dxe5 16. Rad1 Rd8 17. f4 e4 18. Kh2 b5 19. axb5 axb5 20. Bxf6 Bxf6 21. Nxb5
Nxb5 22. Bxb5 Bxb2 23. c4 Bf6 24. Qxe4 Ra8 25. Rde1 h5 26. g3 Ra2+ 27. Re2 Qf5
28. Qf3 Rda8 29. Rxa2 Rxa2+ 30. Rf2 Ra1 31. Rf1 Ra7 32. g4 Ra2+ 33. Rf2 hxg4
34. hxg4 Rxf2+ 35. Qxf2 Qxg4 36. Qg3 Qe2+ 37. Qg2 Qh5+ 38. Qh3 Qd1 39. Qe3 Kg7
40. Kg2 Bd4 41. Qf3 Qc2+ 42. Kh3 Bg1 43. Qg3 Bf2 44. Qf3 Bd4 45. Ba6 Qc1 46.
Bb5 Kf6 47. Kg4 Kg7 48. Kh3 Be3 49. f5 g5 50. f6+ exf6 51. d6 f5 52. Qxf5 Qh1+
53. Kg3 Qg1+ 54. Kh3 Bf4 55. Qd3 Qh2+ 56. Kg4 f5+ 0-1

[Event "BL 0506 SV Mülheim Nord - SV Wattensche"]
[Site "?"]
[Date "2006.04.01"]
[Round "14.3"]
[White "Holzke, Frank Dr"]
[Black "Levin, Felix"]
[Result "0-1"]
[WhiteElo "2479"]
[BlackElo "2506"]
[PlyCount "76"]
[EventDate "2006.??.??"]

1. e4 e5 2. Nf3 Nc6 3. Bb5 Nf6 4. O-O Nxe4 5. d4 Nd6 6. Bxc6 dxc6 7. dxe5 Nf5
8. Qxd8+ Kxd8 9. Nc3 Ne7 10. Nd4 c5 11. Nf3 Bf5 12. Ng5 Ke8 13. Nb5 Nd5 14. c4
a6 15. cxd5 axb5 16. e6 fxe6 17. Re1 Bd6 18. dxe6 h6 19. Nf7 Rf8 20. b4 c4 21.
Nxd6+ cxd6 22. Bb2 g5 23. a3 Ke7 24. Re3 Rg8 25. Rd1 Bxe6 26. Rd5 Kd7 27. Rxb5
Kc6 28. Ra5 Rxa5 29. bxa5 Bf5 30. Bc3 g4 31. Kf1 Rg5 32. Re7 Rh5 33. Rf7 Bd3+
34. Kg1 Rb5 35. Bb4 Rxb4 36. axb4 c3 37. Rf8 c2 38. Rc8+ Kb5 0-1

[Event "BL 0506 SV Mülheim Nord - SV Wattensche"]
[Site "?"]
[Date "2006.04.01"]
[Round "14.4"]
[White "Schebler, Gerhard"]
[Black "Appel, Ralf"]
[Result "0-1"]
[WhiteElo "2474"]
[BlackElo "2488"]
[PlyCount "78"]
[EventDate "2006.??.??"]

1. Nf3 Nf6 2. c4 e6 3. g3 b6 4. Bg2 Ba6 5. Ne5 c6 6. d4 Bb4+ 7. Bd2 Be7 8. Nc3
O-O 9. Qa4 Bb7 10. O-O Qc7 11. e4 a6 12. Nd3 d6 13. Qc2 Nbd7 14. Rac1 c5 15. d5
exd5 16. exd5 Rfe8 17. a4 Nf8 18. Bh3 h6 19. Rce1 N6h7 20. Kh1 Ng5 21. Bg4 Nfe6
22. Qd1 Nd4 23. h4 Nh7 24. Nf4 Nf6 25. Nh5 b5 26. b3 bxc4 27. Nxf6+ Bxf6 28.
bxc4 Rab8 29. Kg1 Be5 30. Bh3 Bc8 31. Bxc8 Qxc8 32. f4 Bf6 33. Ne4 Qh3 34. Re3
Rxe4 35. Rxe4 Qxg3+ 36. Kh1 Rb3 37. Be1 Qh3+ 38. Kg1 Nf3+ 39. Rxf3 Rxf3 0-1

[Event "BL 0506 SV Mülheim Nord - SV Wattensche"]
[Site "?"]
[Date "2006.04.01"]
[Round "14.5"]
[White "Lemmers, Oscar"]
[Black "Saltaev, Mihail"]
[Result "1/2-1/2"]
[WhiteElo "2425"]
[BlackElo "2498"]
[PlyCount "54"]
[EventDate "2006.??.??"]

1. e4 c6 2. c4 e5 3. Nf3 d6 4. d4 Nd7 5. b3 Ngf6 6. Qc2 Be7 7. Bb2 O-O 8. Be2
Re8 9. O-O Bf8 10. Nbd2 b6 11. Rfe1 Bb7 12. Bf1 Qc7 13. Rad1 a6 14. c5 b5 15.
cxd6 Bxd6 16. dxe5 Nxe5 17. Nxe5 Bxe5 18. Bxe5 Rxe5 19. Nf3 Rh5 20. h3 c5 21.
g4 Rh6 22. Bg2 Nd7 23. Nd4 Re8 24. Nf5 Rhe6 25. Qd2 Bc6 26. Nd6 Rd8 27. f4 f6
1/2-1/2

[Event "BL 0506 SV Mülheim Nord - SV Wattensche"]
[Site "?"]
[Date "2006.04.01"]
[Round "14.6"]
[White "Hausrath, Daniel"]
[Black "Visser, Yge"]
[Result "1/2-1/2"]
[WhiteElo "2463"]
[BlackElo "2485"]
[PlyCount "63"]
[EventDate "2006.??.??"]

1. Nf3 Nf6 2. g3 g6 3. Bg2 Bg7 4. O-O O-O 5. d4 d6 6. Re1 Nbd7 7. e4 e5 8. Nc3
a6 9. dxe5 dxe5 10. a4 b6 11. b3 Bb7 12. Ba3 Re8 13. Qe2 c6 14. Rad1 Bf8 15.
Bxf8 Kxf8 16. Bh3 Qc7 17. Qc4 Rac8 18. Ng5 Re7 19. Rd2 h6 20. Nf3 b5 21. axb5
axb5 22. Qb4 Rce8 23. Red1 Kg7 24. Rd6 Bc8 25. Ne1 Nf8 26. Bxc8 Rxc8 27. Qc5
Qa7 28. Nd3 Qxc5 29. Nxc5 Ne8 30. R6d3 Ne6 31. Nxe6+ Rxe6 32. Na2 1/2-1/2

[Event "BL 0506 SV Mülheim Nord - SV Wattensche"]
[Site "?"]
[Date "2006.04.01"]
[Round "14.7"]
[White "Straeter, Timo"]
[Black "Lytchak, Alexander Dr"]
[Result "0-1"]
[WhiteElo "2342"]
[BlackElo "2440"]
[PlyCount "64"]
[EventDate "2006.??.??"]

1. d4 d5 2. c4 c6 3. Nf3 Nf6 4. Nc3 a6 5. c5 Nbd7 6. Bf4 Nh5 7. e3 g6 8. Bd3
Bg7 9. h4 Nxf4 10. exf4 b6 11. cxb6 Qxb6 12. O-O Bxd4 13. Na4 Qa7 14. Rc1 Bb7
15. Bxg6 Bxf2+ 16. Rxf2 hxg6 17. Nc5 Nxc5 18. Qd4 Ne4 19. Qxh8+ Kd7 20. Qd4
Qxd4 21. Nxd4 Nxf2 22. Kxf2 Kd6 23. Nb3 a5 24. Nc5 Bc8 25. a4 Rb8 26. b3 f6 27.
Kf3 e5 28. g3 Rb4 29. Ke3 Bg4 30. Rc2 Bd1 31. Rc1 Bxb3 32. fxe5+ fxe5 0-1

[Event "BL 0506 SV Mülheim Nord - SV Wattensche"]
[Site "?"]
[Date "2006.04.01"]
[Round "14.8"]
[White "Sielecki, Christof"]
[Black "Thiel, Thomas"]
[Result "1/2-1/2"]
[WhiteElo "2382"]
[BlackElo "2308"]
[PlyCount "53"]
[EventDate "2006.??.??"]

1. Nf3 Nc6 2. d4 d5 3. c4 e5 4. Nxe5 Nxe5 5. dxe5 d4 6. g3 Be6 7. Bg2 c6 8. Nd2
Qd7 9. O-O Ne7 10. Nf3 Bxc4 11. b3 Ba6 12. Qxd4 Qxd4 13. Nxd4 Rd8 14. Bb2 c5
15. Nf3 Bxe2 16. Rfe1 Ba6 17. Ng5 h6 18. Ne4 Nc8 19. f4 Be7 20. f5 O-O 21. Rac1
b6 22. Bf1 Bxf1 23. Kxf1 Rfe8 24. Ke2 Bf6 25. Nxf6+ gxf6 26. Kf3 fxe5 27. Bxe5
1/2-1/2

[Event "BL 0506 SF Katernberg - Solinger SG"]
[Site "?"]
[Date "2006.04.01"]
[Round "14.1"]
[White "Jussupow, Artur"]
[Black "Volokitin, Andrei"]
[Result "1/2-1/2"]
[WhiteElo "2595"]
[BlackElo "2666"]
[PlyCount "40"]
[EventDate "2006.??.??"]

1. d4 Nf6 2. Nf3 e6 3. e3 c5 4. Bd3 Nc6 5. O-O d5 6. b3 Qc7 7. c4 Be7 8. Bb2
cxd4 9. exd4 dxc4 10. bxc4 O-O 11. Nc3 Rd8 12. Re1 b6 13. d5 Nb4 14. Ne4 exd5
15. Nxf6+ Bxf6 16. Bxf6 gxf6 17. Bxh7+ Kxh7 18. Qb1+ Kg7 19. Qxb4 dxc4 20. Re4
a5 1/2-1/2

[Event "BL 0506 SF Katernberg - Solinger SG"]
[Site "?"]
[Date "2006.04.01"]
[Round "14.3"]
[White "Baramidze, David"]
[Black "L'Ami, Erwin"]
[Result "1-0"]
[WhiteElo "2542"]
[BlackElo "2541"]
[PlyCount "73"]
[EventDate "2006.??.??"]

1. e4 e5 2. Nf3 Nc6 3. Bb5 a6 4. Ba4 Nf6 5. O-O Nxe4 6. d4 b5 7. Bb3 d5 8. dxe5
Be6 9. Nbd2 Be7 10. c3 O-O 11. Bc2 f5 12. exf6 Nxf6 13. Re1 Qd7 14. Nf1 Rae8
15. Ng5 Bf5 16. Bxf5 Qxf5 17. Ne6 Ng4 18. Nxf8 Bc5 19. Be3 Bxe3 20. fxe3 Rxf8
21. Ng3 Qg5 22. e4 Nce5 23. Qxd5+ Rf7 24. Rf1 c6 25. Qe6 h5 26. Rxf7 Nxf7 27.
Qc8+ Nd8 28. Rf1 g6 29. Qb8 Kg7 30. Qc7+ Kg8 31. Qf4 Qc5+ 32. Kh1 Qe7 33. h3
Ne5 34. Qf6 Qxf6 35. Rxf6 Kg7 36. Rd6 Ndf7 37. Re6 1-0

[Event "BL 0506 SF Katernberg - Solinger SG"]
[Site "?"]
[Date "2006.04.01"]
[Round "14.4"]
[White "Senff, Martin"]
[Black "Stellwagen, Daniel"]
[Result "0-1"]
[WhiteElo "2469"]
[BlackElo "2561"]
[PlyCount "106"]
[EventDate "2006.??.??"]

1. e4 c5 2. Nf3 e6 3. d4 cxd4 4. Nxd4 a6 5. Bd3 Bc5 6. Nb3 Ba7 7. Qe2 Nc6 8.
Be3 d6 9. Nc3 Nf6 10. Bxa7 Rxa7 11. O-O b5 12. f4 O-O 13. Kh1 b4 14. Nd1 e5 15.
Ne3 Re8 16. Qf2 exf4 17. Qxf4 Ne5 18. Rae1 Ng6 19. Qf3 Rae7 20. Nd4 Bb7 21.
Nef5 Re5 22. Nh6+ gxh6 23. Qxf6 Qxf6 24. Rxf6 Bxe4 25. Ref1 Bxd3 26. cxd3 Rd5
27. Nf5 Rxd3 28. g4 Re6 29. Nxh6+ Kg7 30. g5 Rxf6 31. Rxf6 Nh4 32. Rxf7+ Kg6
33. Rf6+ Kxg5 34. Rxd6 Rxd6 35. Nf7+ Kf4 36. Nxd6 Ke3 37. Nb7 Nf3 38. Nc5 a5
39. Nb7 a4 40. a3 bxa3 41. bxa3 Kd4 42. Kg2 Ne1+ 43. Kf2 Nc2 44. Ke2 Nxa3 45.
Kd2 h5 46. h4 Nb5 47. Kc2 a3 48. Nd8 Ke4 49. Kb3 Kf5 50. Nc6 Kg4 51. Nb4 Kxh4
52. Ka4 Kg3 53. Kxb5 h4 0-1

[Event "BL 0506 SF Katernberg - Solinger SG"]
[Site "?"]
[Date "2006.04.01"]
[Round "14.5"]
[White "Gabriel, Christian"]
[Black "Souleidis, Georgios"]
[Result "1-0"]
[WhiteElo "2531"]
[BlackElo "2421"]
[PlyCount "79"]
[EventDate "2006.??.??"]

1. d4 d5 2. c4 dxc4 3. Nf3 Nf6 4. e3 e6 5. Bxc4 c5 6. O-O a6 7. a4 Nc6 8. Qe2
cxd4 9. Rd1 Be7 10. exd4 O-O 11. Nc3 Nb4 12. Ne5 Nfd5 13. Ne4 b6 14. Ra3 f6 15.
Nf3 Bd7 16. Ra1 Qc7 17. Bd2 Rfc8 18. Bb3 Qb7 19. Nc3 Bd6 20. Ne1 Re8 21. Nd3
Nxd3 22. Qxd3 Bc6 23. Re1 Rad8 24. Qh3 f5 25. Re2 b5 26. axb5 axb5 27. Rae1 b4
28. Na2 Nc7 29. Bg5 Ra8 30. Qxf5 Bxg2 31. Rxe6 Nxe6 32. Rxe6 Kh8 33. Bc2 g6 34.
Bf6+ Kg8 35. Bb3 Kf8 36. Be7+ Kg7 37. Qf6+ Kh6 38. Qh4+ Kg7 39. Bf6+ Kf8 40.
Qh6+ 1-0

[Event "BL 0506 SF Katernberg - Solinger SG"]
[Site "?"]
[Date "2006.04.01"]
[Round "14.6"]
[White "Thesing, Matthias"]
[Black "Hoffmann, Michael"]
[Result "1/2-1/2"]
[WhiteElo "2413"]
[BlackElo "2443"]
[PlyCount "44"]
[EventDate "2006.??.??"]

1. e4 c5 2. Nc3 g6 3. Nf3 Bg7 4. d4 cxd4 5. Nxd4 Nc6 6. Be3 Nf6 7. Bc4 O-O 8.
Bb3 d6 9. f3 Bd7 10. Qd2 Rc8 11. h4 h5 12. O-O-O Ne5 13. Bh6 Nc4 14. Bxc4 Rxc4
15. Bxg7 Kxg7 16. Nd5 Nxd5 17. exd5 Ra4 18. Qc3 Kg8 19. Kb1 Qa5 20. Qxa5 Rxa5
21. Rhe1 Re8 22. c4 Rc5 1/2-1/2

[Event "BL 0506 SF Katernberg - Solinger SG"]
[Site "?"]
[Date "2006.04.01"]
[Round "14.7"]
[White "Ernst, Sipke"]
[Black "Scholz, Christian"]
[Result "1-0"]
[WhiteElo "2473"]
[BlackElo "2390"]
[PlyCount "131"]
[EventDate "2006.??.??"]

1. d4 Nf6 2. c4 g6 3. Nc3 Bg7 4. e4 d6 5. Nf3 O-O 6. Be2 e5 7. O-O Na6 8. Re1
c6 9. Bf1 exd4 10. Nxd4 Ng4 11. h3 Qb6 12. hxg4 Qxd4 13. Qe2 Nc5 14. Be3 Qe5
15. f3 f5 16. gxf5 gxf5 17. exf5 Bxf5 18. Rad1 Rae8 19. Qd2 a5 20. Bf2 Qf6 21.
Rxe8 Rxe8 22. Qxd6 Qxd6 23. Rxd6 Bxc3 24. bxc3 Na4 25. Bd4 c5 26. Bf2 Nxc3 27.
Bxc5 Nxa2 28. Rd5 Bg6 29. Bd4 Re1 30. Kf2 Rb1 31. Rxa5 Nb4 32. Ra3 Nc2 33. Ra8+
Kf7 34. Be5 Ke6 35. Bf4 Nb4 36. Ra3 Rb2+ 37. Kg3 Rb1 38. Be2 Nc2 39. Ra2 Nd4
40. c5 Nxe2+ 41. Rxe2+ Kd5 42. Be3 Rb4 43. Bf2 Bf5 44. Re7 Rb2 45. f4 Kc6 46.
Re5 Bd3 47. Kf3 Bc4 48. g4 Rd2 49. f5 Rd7 50. Kf4 Rf7 51. Re4 Bd5 52. Rb4 Bg2
53. Rb6+ Kd7 54. Rd6+ Ke8 55. Rd2 Bc6 56. Bd4 Rd7 57. Re2+ Kf7 58. Be5 Kg8 59.
Bd6 Kf7 60. Re6 Bd5 61. Ke5 Bf3 62. g5 Bd1 63. Rh6 Kg7 64. Ke6 Rd8 65. f6+ Kh8
66. Ke7 1-0

[Event "BL 0506 SF Katernberg - Solinger SG"]
[Site "?"]
[Date "2006.04.01"]
[Round "14.8"]
[White "Rosen, Bernd"]
[Black "Zysk, Robert"]
[Result "0-1"]
[WhiteElo "2310"]
[BlackElo "2460"]
[PlyCount "78"]
[EventDate "2006.??.??"]

1. c4 d6 2. g3 g6 3. Bg2 Bg7 4. Nc3 f5 5. d3 Nf6 6. e3 c6 7. Nge2 Na6 8. O-O
O-O 9. Rb1 Nc7 10. b4 e5 11. b5 Bd7 12. Ba3 Be8 13. bxc6 Bxc6 14. Nd5 Nfxd5 15.
cxd5 Bb5 16. Qd2 Ba6 17. Rfc1 Rf7 18. f4 Qd7 19. Rb3 Re8 20. fxe5 Bxe5 21. d4
Bg7 22. Nf4 Rfe7 23. Kf2 Bh6 24. Qb4 Bxf4 25. gxf4 Rd8 26. Rbc3 Nb5 27. R3c2
Nxa3 28. Qxa3 Rde8 29. Rc3 Qd8 30. Rc8 Qxc8 31. Rxc8 Rxc8 32. Qxd6 Rc2+ 33. Kf3
Be2+ 34. Kg3 Rxe3+ 35. Kh4 Bb5 36. Qb8+ Re8 37. Qxb7 Rxg2 38. h3 Re4 39. Qb8+
Be8 0-1

[Event "BL 0506 SC Kreuzberg - SK Zehlendorf"]
[Site "?"]
[Date "2006.04.01"]
[Round "14.1"]
[White "Richter, Michael"]
[Black "Socko, Bartosz"]
[Result "0-1"]
[WhiteElo "2415"]
[BlackElo "2615"]
[PlyCount "74"]
[EventDate "2006.??.??"]

1. d4 e6 2. Nf3 c5 3. e3 Nf6 4. Bd3 b6 5. O-O Bb7 6. c4 Be7 7. Nc3 cxd4 8. exd4
d5 9. cxd5 Nxd5 10. Ne5 O-O 11. Qh5 Nf6 12. Qh3 Ba6 13. Rd1 Bxd3 14. Rxd3 Na6
15. Bh6 Ne8 16. Rg3 Qxd4 17. Nf3 Qd8 18. Rd1 Qb8 19. Rd7 Bf6 20. Ne4 Bxb2 21.
Nfg5 Qf4 22. Rd1 Rd8 23. Rf1 Qf5 24. Qh4 Rd4 25. Bxg7 Rxe4 26. Qxe4 Nxg7 27.
Qxf5 Nxf5 28. Rb3 Bf6 29. Ne4 Be7 30. g4 Nd4 31. Rd3 e5 32. Kg2 Nc5 33. Nxc5
Bxc5 34. Re1 Re8 35. f4 e4 36. Rde3 Nc2 37. Rxe4 Nxe1+ 0-1

[Event "BL 0506 SC Kreuzberg - SK Zehlendorf"]
[Site "?"]
[Date "2006.04.01"]
[Round "14.2"]
[White "Maiwald, Jens-Uwe"]
[Black "Maksimenko, Andrei"]
[Result "1-0"]
[WhiteElo "2505"]
[BlackElo "2505"]
[PlyCount "60"]
[EventDate "2006.??.??"]

1. e4 c5 2. Nc3 Nc6 3. Bb5 Nd4 4. Bc4 e6 5. Nf3 Nf6 6. O-O a6 7. d3 b5 8. Bb3
Nxb3 9. axb3 Bb7 10. e5 Nd5 11. Ne4 d6 12. Re1 dxe5 13. Nxe5 h6 14. Qh5 Qc7 15.
Ng5 hxg5 16. Qxh8 Nb4 17. Re2 Nxc2 18. Ng6 fxg6 19. Rxc2 Qc6 20. f3 Qd5 21. Qg8
Qd4+ 22. Kh1 Bd5 23. Bxg5 a5 24. Re1 Ra6 25. Be3 Qb4 26. Bd2 Qd4 27. Be3 Qxd3
28. Rxc5 Ra8 29. Bg5 Qf5 30. Rc7 Qxg5 1-0

[Event "BL 0506 SC Kreuzberg - SK Zehlendorf"]
[Site "?"]
[Date "2006.04.01"]
[Round "14.3"]
[White "Heinig, Wolfram"]
[Black "Kalinitschew, Sergey"]
[Result "1/2-1/2"]
[WhiteElo "2319"]
[BlackElo "2478"]
[PlyCount "84"]
[EventDate "2006.??.??"]

1. d4 e6 2. g3 c5 3. Nf3 cxd4 4. Nxd4 a6 5. Bg2 Qc7 6. O-O Nf6 7. e4 d6 8. Qe2
Nc6 9. Nxc6 bxc6 10. c4 Rb8 11. Nc3 c5 12. b3 Be7 13. Rb1 Nd7 14. f4 Bf6 15.
Qd3 Bb7 16. a3 O-O 17. Rd1 Rfd8 18. Be3 Rbc8 19. Ne2 Nb6 20. Rdc1 a5 21. Nc3
Bc6 22. Nb5 Qb8 23. a4 Be7 24. Qc2 Qa8 25. Rd1 d5 26. cxd5 exd5 27. exd5 Nxd5
28. Bf2 Nxf4 29. Bxc6 Nh3+ 30. Kg2 Rxc6 31. Rxd8+ Bxd8 32. Qe4 g5 33. Rd1 Nxf2
34. Qe8+ Kg7 35. Kxf2 Rf6+ 36. Kg1 Qf3 37. Qxd8 Qf2+ 38. Kh1 Qe2 39. Kg1 Qe3+
40. Kh1 Qe2 41. Kg1 Qe3+ 42. Kh1 Qf3+ 1/2-1/2